Savāniḥayāt-i Ḥaz̤rat Dātā Ganj Bak̲h̲sh / (Record no. 331637)
[ view plain ]
| 000 -LEADER | |
|---|---|
| fixed length control field | 00638cam a22001937a 4500 |
| 001 - CONTROL NUMBER | |
| control field | 3697489 |
| 003 - CONTROL NUMBER IDENTIFIER | |
| control field | NUST |
| 005 - DATE AND TIME OF LATEST TRANSACTION | |
| control field | 20171011121246.0 |
| 008 - FIXED-LENGTH DATA ELEMENTS--GENERAL INFORMATION | |
| fixed length control field | 900103s1976 pk 000 0 urd |
| 010 ## - LIBRARY OF CONGRESS CONTROL NUMBER | |
| LC control number | 78930880 |
| 040 ## - CATALOGING SOURCE | |
| Original cataloging agency | DLC |
| Transcribing agency | DLC |
| Modifying agency | DLC |
| 050 00 - LIBRARY OF CONGRESS CALL NUMBER | |
| Classification number | MLCSA 90/01509 (B) |
| 082 ## - DEWEY DECIMAL CLASSIFICATION NUMBER | |
| Classification number | 297.4092 |
| Author Mark | FAU |
| 100 1# - MAIN ENTRY--PERSONAL NAME | |
| Personal name | Fauq, Muḥammaduddīn, |
| Dates associated with a name | 1887-1945. |
| 9 (RLIN) | 5337 |
| 245 10 - TITLE STATEMENT | |
| Title | Savāniḥayāt-i Ḥaz̤rat Dātā Ganj Bak̲h̲sh / |
| Statement of responsibility, etc. | Muḥammaduddīn Fauq. |
| 260 ## - PUBLICATION, DISTRIBUTION, ETC. | |
| Place of publication, distribution, etc. | Lāhaur : |
| Name of publisher, distributor, etc. | Jahāngīr Buk Ḍipo, |
| Date of publication, distribution, etc. | 1976 |
| 300 ## - PHYSICAL DESCRIPTION | |
| Extent | 192 p. ; |
| Dimensions | 22 cm. |
| 546 ## - LANGUAGE NOTE | |
| Language note | In Urdu |
| 650 ## - SUBJECT ADDED ENTRY--TOPICAL TERM | |
| Topical term or geographic name entry element | Biography |
| 9 (RLIN) | 461 |
| 880 ## - ALTERNATE GRAPHIC REPRESENTATION | |
| Linkage | 100-01\(3\r |
| Title | فوق محمد الدین |
| 880 ## - ALTERNATE GRAPHIC REPRESENTATION | |
| Linkage | 245-02\(3\r |
| Title | ؒسوانح عمری حضرت داتا گنج بخش |
| c | مؤلف: اکمل اویسی پیر زادہ |
| 880 ## - ALTERNATE GRAPHIC REPRESENTATION | |
| Linkage | 260-03\(3\r |
| Title | لاہور: |
| b | ادارہ اویس، |
| c | 2003 |
| 906 ## - LOCAL DATA ELEMENT F, LDF (RLIN) | |
| a | 7 |
| b | cbc |
| c | orignew |
| d | u |
| e | ncip |
| f | 19 |
| g | y-gencatlg |
| 942 ## - ADDED ENTRY ELEMENTS (KOHA) | |
| Source of classification or shelving scheme | |
| Koha item type | Book |
| Withdrawn status | Lost status | Source of classification or shelving scheme | Damaged status | Not for loan | Collection code | Permanent Location | Current Location | Shelving location | Date acquired | Total Checkouts | Full call number | Barcode | Date last seen | Copy number | Price effective from | Koha item type |
|---|---|---|---|---|---|---|---|---|---|---|---|---|---|---|---|---|
| Central Library (CL) | Central Library (CL) | First Floor - Islam | 10/11/2017 | 297.4092 FAU | CL2902 | 10/11/2017 | 1 | 10/11/2017 | Book |
